000 00684nam a2200289Ia 4500
005 20260324144935.0
008 008 260324s9999 xx 000 0 eng d
020 _a9781315802299
037 _aEBOOK
040 _aCRL
040 _beng
040 _cCRL
041 _2eng
041 _aeng
084 _qCRL
100 _aE. Lakin Phillips
_91221167
245 0 _aPsychotherapy Revised
245 0 _bNew Frontiers in Research and Practice
260 _bTaylor and Francis
260 _c1985
365 _a
365 _b58.99
856 _uhttp://www.taylorfrancis.com/books/9781315802299
942 _cEBOOK
999 _c1828417
_d1828417